Actas del Cabildo de Santiago: Tomo VII, de 1607 a 1613

Saved in:
Bibliografiske detaljer
Institution som forfatter: Cabildo de Santiago (Author)
Format: Bog
Sprog:spansk
Udgivet: Santiago Imprenta Elzeviriana 1901
Udgivelse:1a. ed
Serier:Colección de Historiadores de Chile y de Documentos relativos a la Historia Naciomal, XXIV
Fag:
Tags: Tilføj Tag
Ingen Tags, Vær først til at tagge denne postø!

MARC

LEADER 00000nam a2200000 a 4500
001 UCJ3191
003 CL-VaPUC
008 070124e19010000CL |||||||||||||||||spa|d
082 0 4 |a 983  |b CAB  |2 21 
110 2 |a Cabildo de Santiago  |e author  |9 504845 
245 1 0 |a Actas del Cabildo de Santiago: Tomo VII, de 1607 a 1613 
250 |a 1a. ed 
300 |a 471 p 
942 |c BK 
945 |d 20070124 00:00:00  |a rinostro 
260 |a Santiago  |b Imprenta Elzeviriana  |c 1901 
650 0 |a Actas   |9 377156 
650 0 |a Administración colonial   |9 508204 
650 7 |a PROFESIONES Y OFICIOS  |2 CL-VaPUC  |9 504847 
650 7 |a POLICIA URBANA  |2 CL-VaPUC  |9 504848 
650 0 |a Obras públicas  |9 261125 
650 0 |a Alguaciles   |9 504823 
650 7 |a CORREGIDORES  |2 CL-VaPUC  |9 344288 
650 7 |a DOCUMENTOS  |2 CL-VaPUC  |9 366450 
650 7 |a FUENTES  |2 CL-VaPUC  |9 255666 
651 0 |a Santiago  |9 265444 
583 |a last modification  |c 20070124 00:00:00  |k Rodrigo Vera 
490 0 |a Colección de Historiadores de Chile y de Documentos relativos a la Historia Naciomal, XXIV 
999 |c 319313  |d 319311 
952 |0 0  |1 0  |4 0  |6 983_000000000000000_CAB_1901  |7 0  |8 X  |9 397611  |a FDOBUD  |b FDOBUD  |d 2019-11-22  |i 1000233  |o 983 CAB 1901  |p 1000233  |r 2019-11-22  |w 2019-11-22  |y BK_X  |k BUD